|
|
|
|
| LEADER |
00000cam a2200000 7i4500 |
| 001 |
0000001975 |
| 005 |
20020719.0 |
| 020 |
0 |
0 |
|a 9679783235
|
| 090 |
0 |
0 |
|a 929.709595
|b TUN 1989
|
| 100 |
1 |
0 |
|a TUNG
|h V. W. Y. [
|q (Vincent Weng-Yew)]
|
| 245 |
1 |
0 |
|a Gelaran dan peraturan melakukan tataadab
|c V.W.Y. Tung
|
| 260 |
0 |
0 |
|a Petaling Jaya, Selangor :
|b Pelanduk Pub. ,
|c 1989
|
| 300 |
|
|
|a xxviii, 261 p. ;
|c 22 cm.
|
| 650 |
0 |
0 |
|a Forms of address
|z Malaysia
|
| 650 |
0 |
0 |
|a Manners and customs
|
| 650 |
0 |
0 |
|a Titles of honour and nobility
|z Malaysia
|
| 998 |
|
|
|a JPSM
|
| 999 |
|
|
|a 0000003381
|b Monograph
|c Open Shelf
|e Default branch
|